Real Word or Fake Word? Quiz Stats

 Plays Quiz not verified by Sporcle

Challenge
Share
Tweet
Embed
Score 0/10 Timer 02:00
0 Plays Today
% Correct
chauffeuse
68.2%
piccalilli
66.1%
philhellenism
63.4%
synesthete
62.7%
daguerreotypic
59.4%
hausfrau
49.6%
darmstadtium
46.5%
cywyddau
43%
hoomalimali
37.4%
mbaqanga
33.8%

You're not logged in!

Compare scores with friends on all Sporcle quizzes.
OR
Log In

You Might Also Like...

Show Comments

Extras

Top Quizzes Today


Score Distribution

Your Account Isn't Verified!

In order to create a playlist on Sporcle, you need to verify the email address you used during registration. Go to your Sporcle Settings to finish the process.

Report this User

Report this user for behavior that violates our Community Guidelines.

Details: